Economic History

محفوظ في:

التنسيق: دورية

اللغة: Undetermined

منشور في: JSTOR
Royal Economic Society

الوصول للمادة أونلاين: Login to view Source

الوسوم: إضافة وسم

لا توجد وسوم, كن أول من يضع وسما على هذه التسجيلة!

رقم الطلب:

LEADER 00443nas a2200145Ia 4500
008 220214c99999999xx |||||||||||| ||und||
022 |a 2754-1096 
245 0 0 |a Economic History 
264 1 |b JSTOR 
264 1 |b Royal Economic Society 
362 0 |a Vol. 2(1930)-4 (1940) 
856 4 0 |u https://www.jstor.org/journal/economichistory 
942 |c JL 
952 |0 0  |1 0  |4 0  |7 1  |9 34786  |a JSR  |b JSR  |d 2022-02-14  |l 0  |r 2022-02-14 00:00:00  |w 2022-02-14  |y JL 
999 |c 43119  |d 43119